Επιστημονικές μελέτες προς τιμήν του καθηγητού Νίκου Ι. Κόνσολα = Studies in honour of professor Nicholas Konsolas.

Αποθηκεύτηκε σε:
Λεπτομέρειες βιβλιογραφικής εγγραφής
Συγγραφή απο Οργανισμό/Αρχή: Πάντειο Πανεπιστήμιο Κοινωνικών και Πολιτικών Επιστημών
Μορφή: Βιβλίο
Γλώσσα:Greek
English
Δημοσίευση: Αθήνα : Πάντειο Πανεπιστήμιο Κοινωνικών και Πολιτικών Επιστημών, 2005.
Θέματα:
Ετικέτες: Προσθήκη ετικέτας
Δεν υπάρχουν, Καταχωρήστε ετικέτα πρώτοι!

MARC

LEADER 00000cam a2200000 i 4500
001 1/76437
008 050518s2005 gr | ||| |||| ||gre||
020 |a 96087970044 
035 |l 10077983 
040 |a GR-MyUa  |b gre  |e AACR2 
041 0 |a gre  |a eng 
082 7 |a 338.9   |2 (21) 
245 0 0 |a Επιστημονικές μελέτες προς τιμήν του καθηγητού Νίκου Ι. Κόνσολα =   |b Studies in honour of professor Nicholas Konsolas. 
246 1 |i Παράλληλος τίτλος:   |a Studies in honour of professor Nicholas Konsolas 
260 |a Αθήνα :   |b Πάντειο Πανεπιστήμιο Κοινωνικών και Πολιτικών Επιστημών,   |c 2005. 
300 |a 768 σ. :   |b πιν., σχεδ., χαρτ. ;   |c 24 εκ. 
500 |a Άνω του τίτλου: Πάντειον Πανεπιστήμιο Κοινωνικών και Πολιτικών Επιστημών. 
600 1 0 |a Κόνσολας, Νικόλαος Ι.,   |d 1932- 
710 2 |a Πάντειο Πανεπιστήμιο Κοινωνικών και Πολιτικών Επιστημών. 
852 |a INST  |b CHIOS  |e 20080304  |h 338.9 ΠΑΝ  |p 005200028381  |q 005200028381  |t BK  |y 0 
852 |a INST  |b LESVOS  |e 20050905  |h 338.9 ΕΠΙ  |p 005100031074  |q 005100031074  |t BK  |y 0 
852 |a INST  |b RHODES  |e 20050518  |h 338.9 ΕΠΙ  |p 005400023479  |q 005400023479  |t BK  |y 0 
901 |a BIBL4-2005-2 
901 |a BIBL2-2008-1 
970 |a ΚΟΖΑ  |b ΜΑΡΙΑ  |z 2005/05/18